Software engineering design : (Record no. 22235)
[ view plain ]
| 000 -LEADER | |
|---|---|
| fixed length control field | 01536cam a22003375a 4500 |
| 001 - CONTROL NUMBER | |
| control field | 17482972 |
| 005 - DATE AND TIME OF LATEST TRANSACTION | |
| control field | 20160825100019.0 |
| 008 - FIXED-LENGTH DATA ELEMENTS--GENERAL INFORMATION | |
| fixed length control field | 121003s2012 flua frb 001 0 eng d |
| 010 ## - LIBRARY OF CONGRESS CONTROL NUMBER | |
| LC control number | 2011277791 |
| 015 ## - NATIONAL BIBLIOGRAPHY NUMBER | |
| National bibliography number | GBB215340 |
| Source | bnb |
| 016 7# - NATIONAL BIBLIOGRAPHIC AGENCY CONTROL NUMBER | |
| Record control number | 016030958 |
| Source | Uk |
| 020 ## - INTERNATIONAL STANDARD BOOK NUMBER | |
| International Standard Book Number | 9781439851685 (alk. paper) |
| 020 ## - INTERNATIONAL STANDARD BOOK NUMBER | |
| International Standard Book Number | 1439851689 (alk. paper) |
| 035 ## - SYSTEM CONTROL NUMBER | |
| System control number | (OCoLC)ocn778273288 |
| 040 ## - CATALOGING SOURCE | |
| Original cataloging agency | UKMGB |
| Language of cataloging | eng |
| Transcribing agency | UKMGB |
| Modifying agency | EG-ScBUE |
| 042 ## - AUTHENTICATION CODE | |
| Authentication code | lccopycat |
| 082 04 - DEWEY DECIMAL CLASSIFICATION NUMBER | |
| Edition number | 22 |
| Classification number | 005.1 |
| Item number | OTE |
| 100 1# - MAIN ENTRY--PERSONAL NAME | |
| Personal name | Otero, Carlos E. |
| Fuller form of name | (Carlos Enrique). |
| 9 (RLIN) | 40885 |
| 245 10 - TITLE STATEMENT | |
| Title | Software engineering design : |
| Remainder of title | theory and practice / |
| Statement of responsibility, etc | Carlos E. Otero. |
| 260 ## - PUBLICATION, DISTRIBUTION, ETC. (IMPRINT) | |
| Place of publication, distribution, etc | Boca Raton, Florida : |
| Name of publisher, distributor, etc | CRC Press, |
| Date of publication, distribution, etc | c.2012. |
| 300 ## - PHYSICAL DESCRIPTION | |
| Extent | xxi, 346 p. : |
| Other physical details | ill. ; |
| Dimensions | 26 cm. |
| 490 0# - Series Statement | |
| Series statement | Applied software engineering |
| 500 ## - GENERAL NOTE | |
| General note | "Auerbach book." |
| 500 ## - GENERAL NOTE | |
| General note | Index : p. 341-346. |
| 504 ## - BIBLIOGRAPHY, ETC. NOTE | |
| Bibliography, etc | Includes bibliographical references. |
| 505 0# - FORMATTED CONTENTS NOTE | |
| Formatted contents note | 1. Introduction to software engineering design -- 2. Software design with unified modeling language -- 3. Principles of software architecture -- 4. Patterns and styles in software architecture -- 5. Principles of detailed design -- 6. Creational design patterns in detailed design -- 7. Structural and behavioral patterns in detailed design -- 8. Principles of construction design -- 9. Human-computer interface design -- 10 Software design management, leadership, and ethics. |
| 650 #7 - SUBJECT ADDED ENTRY--TOPICAL TERM | |
| Topical term or geographic name as entry element | Software engineering. |
| Source of heading or term | BUEsh |
| 9 (RLIN) | 3832 |
| 651 ## - SUBJECT ADDED ENTRY--GEOGRAPHIC NAME | |
| Source of heading or term | BUEsh |
| 653 ## - INDEX TERM--UNCONTROLLED | |
| Resource For college | Informatics and Computer Science |
| Arrived date list | August 2016 |
| 942 ## - ADDED ENTRY ELEMENTS (KOHA) | |
| Source of classification or shelving scheme | Dewey Decimal Classification |
| Edition | 22 |
| Call number prefix | 005.1 OTE |
| Withdrawn status | Item status | Source of classification or shelving scheme | Damaged status | Not for loan | Vendor | Home library | Current library | Shelving location | Date acquired | Source of acquisition | Cost, normal purchase price | Serial Enumeration / chronology | Total Checkouts | Total Renewals | Full call number | Barcode | Date last seen | Date last borrowed | Cost, replacement price | Koha item type |
|---|---|---|---|---|---|---|---|---|---|---|---|---|---|---|---|---|---|---|---|---|
| Dewey Decimal Classification | Academic Bookshop | Central Library | Central Library | Lower Floor | 25/08/2016 | Purchase | 793.00 | 9156 | 1 | 2 | 005.1 OTE | 000033187 | 15/07/2025 | 06/12/2016 | 991.25 | Book - Borrowing |